| 000 | 00742cam a2200253Ia 4500 | ||
|---|---|---|---|
| 999 |
_c10296 _d10296 |
||
| 001 | 32402852 | ||
| 003 | OCoLC | ||
| 005 | 20210222114407.0 | ||
| 008 | 950501s1995 miu b 000 0 eng d | ||
| 040 |
_aSJG _cSJG _dCBC _dITC _dATH |
||
| 050 |
_aBV4509.5 _bP888P |
||
| 082 | _bP888P | ||
| 100 | 1 | _aPowlison, David. | |
| 245 | 1 | 0 |
_aPower encounters : _breclaiming spiritual warfare / _cDavid Powlison. |
| 260 |
_aGrand Rapids, MI : _bBaker Books, _c[c1995]. |
||
| 300 |
_a160 p. ; _c22 cm. |
||
| 504 | _aIncludes bibliographical references. | ||
| 650 | 0 | _aSpiritual warfare. | |
| 650 | 0 | _aDemonology. | |
| 650 | 0 |
_aOccultism _xReligious aspects _xChristianity. |
|
| 650 | 0 | _aDemoniac possession. | |
| 650 | 0 | _aExorcism. | |
| 942 |
_2ddc _cBK |
||